US Men's Gymnastics Champions - Statistics

General Stats
  • This quiz has been taken 18 times
  • The average score is 18 of 51
Answer Stats
Year Gymnast % Correct
2013 Sam Mikulak
79%
2014 *Sam Mikulak
79%
2015 *Sam Mikulak
79%
2016 *Sam Mikulak
79%
2018 *Sam Mikulak
79%
2019 *Sam Mikulak
79%
2021 Brody Malone
57%
2002 Paul Hamm
57%
2003 *Paul Hamm
57%
2004 *Paul Hamm
57%
1990 John Roethlisberger
50%
1983 Mitch Gaylord
50%
1984 *Mitch Gaylord
50%
1975 Bart Conner
43%
1996 Blaine Wilson
43%
1997 *Blaine Wilson
43%
1998 *Blaine Wilson
43%
1999 *Blaine Wilson
43%
2000 *Blaine Wilson
43%
2009 Jonathan Horton
36%
2010 *Jonathan Horton
36%
2001 Sean Townsend
36%
1986 Tim Daggett
36%
1981 Jim Hartung
29%
1982 *Jim Hartung
29%
1976 Kurt Thomas
29%
1977 *Kurt Thomas
29%
1978 *Kurt Thomas
29%
1979 *Kurt Thomas
29%
1980 Peter Vidmar
29%
2017 Yul Moldauer
29%
2006 Alexander Artemev
21%
1994 Scott Keswick
21%
1995 *Scott Keswick
21%
1991 Chris Waller
14%
1992 *Chris Waller
14%
1993 *Chris Waller
14%
2011 Danell Leyva
14%
1988 Dan Hayden
14%
2007 David Durante
14%
2008 David Sender
14%
2012 John Orozco
14%
1987 Scott Johnson
14%
1989 Tim Ryan
14%
2005 Todd Thornton
14%
1971 Yoshi Takei
14%
1972 *Yoshi Takei
14%
1985 Brian Babcock
7%
1974 John Crosby
7%
1973 Marshall Avener
7%
1975 Tom Beach
7%
No matching quizzes found
Score Distribution
Percent of People with Each Score
Percentile by Number Answered
Your Score History
You have not taken this quiz